Statistics for Pokemon Starters

Click here to take the quiz!

General Stats

  • This quiz has been taken 20 times
  • The average score is 17 of 24

Answer Stats

Answer% Correct
Bulbasaur
100%
Charmander
100%
Squirtle
100%
Torchic
88%
Froakie
75%
Grookey
75%
Treecko
75%
Chespin
69%
Chikorita
69%
Fennekin
69%
Litten
69%
Mudkip
69%
Rowlet
69%
Scorbunny
69%
Snivy
69%
Sobble
69%
Tepig
69%
Chimchar
63%
Cyndaquil
63%
Piplup
63%
Popplio
63%
Turtwig
63%
Oshawott
56%
Totodile
56%

Score Distribution

Percentile by Number Answered

Percent of People with Each Score

Your Score History

You have not taken this quiz